| 000 | 00503nam a2200157 a 4500 | ||
|---|---|---|---|
| 001 | 000037196 | ||
| 005 | 20200930080211.0 | ||
| 008 | 120229s1970 ve 000 0 spa d | ||
| 040 |
_aDO-SdBNP _bspa _cBNPHU |
||
| 082 |
_axxxx _bU58 |
||
| 110 | 1 |
_aUniversidad central de Venezuela _936007 |
|
| 245 | 1 | 0 |
_aEstudio de Caracas. / _ccoordinador, Rodolfo Quintero. |
| 260 |
_aCaracas, Venezuela : _bUniversidad central de Venezuela, _c1970. |
||
| 300 |
_a382 p. ; _c23 cm. |
||
| 500 | _aEdiciones de la biblioteca | ||
| 999 |
_c36686 _d36686 |
||